[Event "GER-ch U25-A"]
[Site "Willingen"]
[Date "2016.05.20"]
[Round "8"]
[White "Weinkauf, Viktor"]
[Black "Kast, Larissa"]
[Result "1-0"]
[WhiteElo "1847"]
[BlackElo "1567"]
[PlyCount "83"]
[EventDate "2016.05.15"]
[EventType "swiss"]
[EventRounds "9"]
[EventCountry "GER"]
[SourceTitle "CBM 172 Extra"]
[Source "ChessBase"]
[SourceDate "2016.06.21"]
[SourceVersion "1"]
[SourceVersionDate "2016.06.21"]
[SourceQuality "1"]

1. e4 e5 2. Nf3 Nc6 3. Bb5 a6 4. Ba4 Be7 5. 0-0 Nf6 6. c3 b5 7. Bc2 0-0 8. d4 d6 9. Bg5 Bg4 10. d5 Na5 11. Nbd2 h6 12. Be3 Qd7 13. a4 Nb7 14. Qe2 Bh5 15. Bd3 Ng4 16. axb5 Nxe3 17. fxe3 axb5 18. Bxb5 Qg4 19. Bc6 Rxa1 20. Rxa1 Nc5 21. Qc4 Qg6 22. Kf2 Bxf3 23. gxf3 Qh5 24. b4 Qxh2+ 25. Ke1 Bh4+ 26. Kd1 Qh1+ 27. Qf1 Qxf1+ 28. Nxf1 Nd3 29. Ke2 Nb2 30. Nd2 f5 31. exf5 Rxf5 32. Ra2 e4 33. Rxb2 exf3+ 34. Nxf3 Bf6 35. Rb3 g5 36. Bd7 Rxf3 37. Kxf3 h5 38. c4 Be5 39. c5 g4+ 40. Bxg4 hxg4+ 41. Kxg4 dxc5 42. bxc5 1-0

[Event "Baden-ch U16/U18 Girls"]
[Site "Karlsruhe"]
[Date "2014.01.02"]
[Round "2"]
[White "Weis, Olga"]
[Black "Kast, Larissa"]
[Result "1/2-1/2"]
[WhiteElo "1724"]
[BlackElo "1474"]
[PlyCount "49"]
[EventDate "2014.01.??"]
[EventType "tourn"]
[EventRounds "6"]
[EventCountry "GER"]
[SourceTitle "EXT 2022"]
[Source "ChessBase"]
[SourceDate "2021.10.06"]
[SourceVersion "1"]
[SourceVersionDate "2021.10.06"]
[SourceQuality "1"]

1. e4 e5 2. Nf3 Nc6 3. Bb5 a6 4. Ba4 Be7 5. 0-0 Nf6 6. Re1 b5 7. Bb3 0-0 8. c3 d5 9. exd5 Nxd5 10. Nxe5 Nxe5 11. Rxe5 Nf6 12. d4 Bd6 13. Re1 Ng4 14. h3 Nxf2 15. Qf3 Qh4 16. Qxf2 Bh2+ 17. Kf1 Bg3 18. Qe2 Bxh3 19. gxh3 Qxh3+ 20. Kg1 Bxe1 21. Qxe1 Qg4+ 22. Kh2 Rae8 23. Be3 Qh5+ 24. Kg1 Qg4+ 25. Kh2 1/2-1/2

[Event "Baden-ch op U1600"]
[Site "Birkenfeld"]
[Date "2013.05.31"]
[Round "4"]
[White "Kast, Larissa"]
[Black "Steiert, Roland"]
[Result "0-1"]
[WhiteElo "1680"]
[BlackElo "1731"]
[PlyCount "150"]
[EventDate "2013.05.30"]
[EventType "swiss"]
[EventRounds "7"]
[EventCountry "GER"]
[SourceTitle "EXT 2014"]
[Source "ChessBase"]
[SourceDate "2013.11.20"]
[SourceVersion "1"]
[SourceVersionDate "2013.11.20"]
[SourceQuality "1"]

1. e4 e6 2. c4 b6 3. d4 Bb7 4. Nc3 d6 5. Be3 Nd7 6. Bd3 c5 7. Nge2 cxd4 8. Nxd4 a6 9. b3 Ngf6 10. f3 Be7 11. 0-0 Qc7 12. Rc1 Rc8 13. Qe1 Nc5 14. Bb1 h5 15. Qg3 g6 16. h4 Nh7 17. Kf2 Nf6 18. Kg1 Qd8 19. Bg5 e5 20. Nc2 Ne6 21. Be3 Nd7 22. Bf2 Ndc5 23. Ne3 Nf4 24. Rcd1 Rg8 25. Ned5 Bxd5 26. exd5 b5 27. Rfe1 b4 28. Ne2 Nxe2+ 29. Rxe2 g5 30. Be3 Nd7 31. hxg5 Bxg5 32. Bxg5 Rxg5 33. Qf2 h4 34. Kf1 Rg7 35. Re4 Rg3 36. Ree1 Nf8 37. f4 f6 38. fxe5 fxe5 39. Re3 Qg5 40. Rxg3 hxg3 41. Qf5 Qf4+ 42. Qxf4 exf4 43. Rd4 a5 44. Rxf4 Rc7 45. Rg4 Rf7+ 46. Kg1 Rf2 47. Rxg3 Rb2 48. Re3+ Kd8 49. Re1 Nd7 50. Kh2 Ne5 51. Kh3 Rd2 52. Kg3 Rd4 53. Re2 a4 54. Kh3 Nd3 55. Kh2 Nc5 56. Bc2 a3 57. Kg3 Nd7 58. Bf5 Nf6 59. Rf2 Nh5+ 60. Kh3 Ke7 61. g3 Nf6 62. g4 Ne8 63. Kh4 Rd1 64. Kg3 Nc7 65. Kg2 Ra1 66. Bg6 Na6 67. Kg3 Nc5 68. Bf5 Rg1+ 69. Rg2 Rxg2+ 70. Kxg2 Nxb3 71. Kf1 Nd2+ 72. Ke2 b3 73. Bb1 Nxb1 74. axb3 a2 75. g5 a1Q 0-1

[Event "Baden-ch op U1600"]
[Site "Birkenfeld"]
[Date "2013.05.30"]
[Round "2"]
[White "Kast, Larissa"]
[Black "Schneider, Artur"]
[Result "0-1"]
[WhiteElo "1680"]
[BlackElo "1494"]
[PlyCount "56"]
[EventDate "2013.05.30"]
[EventType "swiss"]
[EventRounds "7"]
[EventCountry "GER"]
[SourceTitle "EXT 2014"]
[Source "ChessBase"]
[SourceDate "2013.11.20"]
[SourceVersion "1"]
[SourceVersionDate "2013.11.20"]
[SourceQuality "1"]

1. e4 c5 2. Nf3 e6 3. c4 Nc6 4. d4 cxd4 5. Nxd4 a6 6. Be3 Nf6 7. f3 Qb6 8. Qd2 Bc5 9. b4 Bxd4 10. Bxd4 Qxd4 11. Qxd4 Nxd4 12. Kd2 b5 13. c5 e5 14. Nc3 Bb7 15. Kd3 Nc6 16. a3 Rd8 17. Rd1 d6 18. Ke3 Nd4 19. Rc1 0-0 20. Be2 Rc8 21. cxd6 Rfd8 22. g4 Rxd6 23. Na2 Rdc6 24. Rxc6 Rxc6 25. h4 Nxe2 26. Kxe2 Rc2+ 27. Kd3 Rxa2 28. Rd1 g6 0-1

[Event "GER-ch U14 Girls"]
[Site "Oberhof"]
[Date "2013.05.24"]
[Round "8"]
[White "Mueller, Sophie Elisabeth"]
[Black "Kast, Larissa"]
[Result "1/2-1/2"]
[WhiteElo "1408"]
[BlackElo "1680"]
[PlyCount "45"]
[EventDate "2013.05.19"]
[EventType "swiss"]
[EventRounds "9"]
[EventCountry "GER"]
[SourceTitle "CBM 154 Extra"]
[Source "ChessBase"]
[SourceDate "2013.06.25"]
[SourceVersion "2"]
[SourceVersionDate "2013.06.25"]
[SourceQuality "1"]

1. c4 c5 2. Nc3 Nf6 3. g3 d5 4. Bg2 dxc4 5. Qa4+ Qd7 6. Qxc4 e5 7. Qb3 Nc6 8. Nf3 Be7 9. d3 0-0 10. 0-0 Rb8 11. Bd2 b6 12. Rac1 Bb7 13. a3 Rbc8 14. Rfd1 Rfd8 15. Ng5 Qe8 16. Nf3 Na5 17. Qc2 Bd6 18. Bg5 Qe6 19. Nb5 a6 20. Nxd6 Qxd6 21. Bxf6 Qxf6 22. Qc3 Re8 23. Bh3 1/2-1/2

[Event "Baden-ch U14/20 Girls"]
[Site "Karlsruhe Durlach"]
[Date "2012.01.04"]
[Round "5"]
[White "Kast, Larissa"]
[Black "Richter, Eva"]
[Result "1-0"]
[WhiteElo "1243"]
[BlackElo "1014"]
[PlyCount "41"]
[EventDate "2012.01.02"]
[EventType "swiss"]
[EventRounds "7"]
[EventCountry "GER"]
[SourceTitle "EXT 2015"]
[Source "ChessBase"]
[SourceDate "2014.11.20"]
[SourceVersion "1"]
[SourceVersionDate "2014.11.20"]
[SourceQuality "1"]

1. e4 e5 2. Nf3 Nf6 3. Nc3 Nc6 4. Bc4 Nxe4 5. Bxf7+ Kxf7 6. Nxe4 d5 7. Ng3 Bc5 8. h3 Qf6 9. d3 h6 10. 0-0 Re8 11. Re1 Bf5 12. Nh5 Qd6 13. Nh4 Qd7 14. c3 g6 15. Ng3 h5 16. Ngxf5 gxf5 17. Qxh5+ Ke7 18. Bg5+ Kf8 19. Ng6+ Kf7 20. Nxe5+ Ke6 21. Qg6# 1-0

[Event "Baden-ch U14/20 Girls"]
[Site "Karlsruhe Durlach"]
[Date "2012.01.03"]
[Round "3"]
[White "Weis, Olga"]
[Black "Kast, Larissa"]
[Result "1-0"]
[WhiteElo "1417"]
[BlackElo "1243"]
[PlyCount "91"]
[EventDate "2012.01.02"]
[EventType "swiss"]
[EventRounds "7"]
[EventCountry "GER"]
[SourceTitle "EXT 2015"]
[Source "ChessBase"]
[SourceDate "2014.11.20"]
[SourceVersion "1"]
[SourceVersionDate "2014.11.20"]
[SourceQuality "1"]

1. d4 d5 2. Nf3 Nf6 3. e3 Bf5 4. Nbd2 Nc6 5. Be2 e6 6. 0-0 Bd6 7. a3 0-0 8. b3 Re8 9. Bb2 Ne7 10. Ne5 Ng6 11. f4 Bxe5 12. fxe5 Ne4 13. Nxe4 Bxe4 14. Bf3 Bf5 15. c4 c6 16. Rc1 Qg5 17. Qe2 Nh4 18. cxd5 exd5 19. Rf2 Re6 20. Rcf1 Rg6 21. Bc1 Be4 22. Bxe4 dxe4 23. Kh1 Rf8 24. Bd2 h6 25. Rg1 Nf3 26. Rgf1 Nh4 27. Bb4 Ra8 28. Rc1 b6 29. Bd6 Rc8 30. b4 Nf5 31. Qa6 Re8 32. Qxa7 Qxe3 33. Rcf1 Qg5 34. Qd7 Ree6 35. Qxc6 e3 36. Rxf5 e2 37. Rxf7 Ref6 38. R7xf6 Rxf6 39. Qa8+ Kh7 40. Qe4+ Rf5 41. Qxe2 Rxf1+ 42. Qxf1 Qd2 43. e6 Qxd4 44. e7 Qe4 45. h3 Qxe7 46. Bxe7 1-0

[Event "GER-ch U12"]
[Site "Oberhof"]
[Date "2011.06.14"]
[Round "6"]
[White "Kast, Larissa"]
[Black "Mueller, Sophie Elisabeth"]
[Result "0-1"]
[WhiteElo "1158"]
[BlackElo "1386"]
[PlyCount "174"]
[EventDate "2011.06.11"]
[EventType "swiss"]
[EventRounds "11"]
[EventCountry "GER"]
[SourceTitle "CBM 142 Extra"]
[Source "ChessBase"]
[SourceDate "2011.06.27"]
[SourceVersion "1"]
[SourceVersionDate "2011.06.27"]
[SourceQuality "1"]

1. e4 c6 2. c4 d5 3. cxd5 cxd5 4. exd5 Qxd5 5. Nc3 Qa5 6. Bc4 Qc7 7. d3 e6 8. a3 Bd7 9. Qf3 Nf6 10. Bb5 Bd6 11. Bxd7+ Qxd7 12. Bg5 Be7 13. Nge2 0-0 14. Ne4 Nxe4 15. Bxe7 Nd2 16. Qf4 Qxe7 17. Qxd2 Nc6 18. h4 Rfd8 19. Rh3 Rac8 20. Qf4 Qd6 21. Rg3 Qxf4 22. Nxf4 Nd4 23. Rd1 g6 24. h5 Kf8 25. Kf1 Rc2 26. Rb1 Rdc8 27. Ke1 Rc1+ 28. Rxc1 Rxc1+ 29. Kd2 Rc2+ 30. Ke1 Rxb2 31. Rg4 Rb1+ 32. Kd2 Nf5 33. hxg6 hxg6 34. Kc2 Rb6 35. Nh3 Rd6 36. Ng5 Rd4 37. Rxd4 Nxd4+ 38. Kc3 Nb5+ 39. Kb4 Nd4 40. Kc5 Nc2 41. Kd6 Nxa3 42. Kc7 b5 43. Ne4 Ke7 44. Kc6 b4 45. Nc5 Nc2 46. Kb5 Kd6 47. Ne4+ Kd5 48. Nc5 Kd4 49. g3 a6+ 50. Kb6 a5 51. Nb3+ Kc3 52. Nc5 b3 53. Kxa5 b2 54. Na4+ Kb3 55. Nxb2 Kxb2 56. Kb5 Nd4+ 57. Kc4 Nf3 58. d4 Kc2 59. d5 exd5+ 60. Kxd5 Kd3 61. Kd6 Ke4 62. Ke7 g5 63. Kf6 Kd3 64. Kf5 Ke2 65. g4 Kxf2 66. Kf6 Kg3 67. Kf5 Kh4 68. Ke4 Kxg4 69. Ke3 Kg3 70. Ke4 g4 71. Ke3 Kh2 72. Kf2 g3+ 73. Kxf3 g2 74. Kf4 g1Q 75. Ke4 Qf1 76. Ke5 Qc4 77. Kd6 Qb5 78. Kc7 Qa6 79. Kd7 Kg3 80. Kc7 Kf4 81. Kd7 Ke5 82. Kc7 f5 83. Kd7 Qd6+ 84. Kc8 Qe7 85. Kb8 Kd6 86. Ka8 Kc6 87. Kb8 Qb7# 0-1

[Event "GER-ch U12"]
[Site "Oberhof"]
[Date "2011.06.14"]
[Round "5"]
[White "Uffrecht, Luise"]
[Black "Kast, Larissa"]
[Result "0-1"]
[WhiteElo "958"]
[BlackElo "1158"]
[PlyCount "50"]
[EventDate "2011.06.11"]
[EventType "swiss"]
[EventRounds "11"]
[EventCountry "GER"]
[SourceTitle "CBM 142 Extra"]
[Source "ChessBase"]
[SourceDate "2011.06.27"]
[SourceVersion "1"]
[SourceVersionDate "2011.06.27"]
[SourceQuality "1"]

1. e4 e5 2. Nf3 Nc6 3. Bc4 Bc5 4. d3 Nf6 5. 0-0 0-0 6. Be3 Bb6 7. Nc3 d6 8. Qd2 h6 9. Qe2 Bg4 10. h3 Bh5 11. Bxb6 axb6 12. a3 Nd4 13. Qd1 Bxf3 14. gxf3 Nh5 15. Kh2 c6 16. Rg1 Qf6 17. Rg2 g6 18. Kh1 Qh4 19. Kh2 Rae8 20. Rxg6+ Kh7 21. Rg2 Nf4 22. Rg3 Rg8 23. Bxf7 Rxg3 24. fxg3 Qxh3+ 25. Kg1 Qg2# 0-1

[Event "GER-ch U12"]
[Site "Oberhof"]
[Date "2011.06.12"]
[Round "2"]
[White "Nguyen, Huy Dat"]
[Black "Kast, Larissa"]
[Result "1-0"]
[WhiteElo "1537"]
[BlackElo "1158"]
[PlyCount "67"]
[EventDate "2011.06.11"]
[EventType "swiss"]
[EventRounds "11"]
[EventCountry "GER"]
[SourceTitle "CBM 142 Extra"]
[Source "ChessBase"]
[SourceDate "2011.06.27"]
[SourceVersion "1"]
[SourceVersionDate "2011.06.27"]
[SourceQuality "1"]

1. d4 d5 2. c4 c6 3. Nf3 Bf5 4. g3 Nf6 5. Bg2 e6 6. 0-0 Nbd7 7. Qb3 b6 8. Nc3 Bd6 9. Bg5 h6 10. Bxf6 Nxf6 11. Qa4 Qc7 12. Ne5 Bxe5 13. dxe5 Ng4 14. cxd5 b5 15. d6 Qb6 16. Qf4 g5 17. Qd2 Nxe5 18. d7+ Nxd7 19. Rad1 Nf6 20. Qd6 Rc8 21. Kh1 h5 22. e4 Rd8 23. Qe5 Rh6 24. Rxd8+ Kxd8 25. exf5 Ng4 26. Qd6+ Kc8 27. Bxc6 exf5 28. Qd7+ Kb8 29. Qe8+ Kc7 30. Nd5+ Kd6 31. Nxb6 axb6 32. Qd7+ Kc5 33. Qd5+ Kb4 34. Qxb5# 1-0

[Event "GER-ch U12"]
[Site "Oberhof"]
[Date "2010.05.28"]
[Round "9"]
[White "Alsheimer, Lea"]
[Black "Kast, Larissa"]
[Result "1/2-1/2"]
[WhiteElo "1127"]
[BlackElo "1136"]
[PlyCount "54"]
[EventDate "2010.05.22"]
[EventType "swiss"]
[EventRounds "11"]
[EventCountry "GER"]
[SourceTitle "CBM 136 Extra"]
[Source "ChessBase"]
[SourceDate "2010.07.02"]
[SourceVersion "2"]
[SourceVersionDate "2010.07.15"]
[SourceQuality "1"]

1. d4 d5 2. Nf3 c6 3. e3 Bf5 4. c4 e6 5. b3 Nf6 6. Bb2 Be7 7. Be2 0-0 8. 0-0 Nbd7 9. Nbd2 Qc7 10. h3 Rfe8 11. g4 Bg6 12. Ne5 Nxe5 13. dxe5 Nd7 14. f4 h6 15. Qe1 Qd8 16. Nf3 Be4 17. Qf2 f6 18. Nh4 fxe5 19. Ng2 exf4 20. exf4 Rf8 21. Bf3 Bc5 22. Bd4 Bxf3 23. Bxc5 Bxg2 24. Kxg2 Nxc5 25. Qxc5 Qb6 26. Qxb6 axb6 27. cxd5 exd5 1/2-1/2

[Event "GER-ch U10"]
[Site "Willingen"]
[Date "2009.05.30"]
[Round "1"]
[White "Pallas, Sebastian"]
[Black "Kast, Larissa"]
[Result "1-0"]
[WhiteElo "1334"]
[BlackElo "1011"]
[PlyCount "103"]
[EventDate "2009.05.30"]
[EventType "swiss"]
[EventRounds "11"]
[EventCountry "GER"]
[SourceTitle "EXT 2010"]
[Source "ChessBase"]
[SourceDate "2010.11.25"]
[SourceVersion "1"]
[SourceVersionDate "2010.11.25"]
[SourceQuality "1"]

1. d4 d5 2. c4 e6 3. Nc3 Nf6 4. Bg5 Be7 5. e3 0-0 6. Nf3 Nc6 7. cxd5 exd5 8. Rc1 Bf5 9. Qb3 b6 10. Bxf6 Bxf6 11. Qxd5 Qxd5 12. Nxd5 Ne7 13. Nxf6+ gxf6 14. Rxc7 Nd5 15. Rc1 Rfe8 16. Bb5 Re7 17. Bc6 Rc8 18. 0-0 Rd8 19. Bxd5 Rxd5 20. Nh4 Be4 21. Rfe1 Rg5 22. f3 Bd5 23. b3 Kh8 24. e4 Be6 25. d5 Bd7 26. Rc7 Rh5 27. Nf5 Re8 28. Rxd7 Rg5 29. Rxf7 Reg8 30. g3 R5g6 31. Ne7 a5 32. Nxg6+ Rxg6 33. Rf8+ Kg7 34. Rb8 Kh6 35. g4 Rg7 36. Rxb6 Rf7 37. h4 Kg7 38. f4 h6 39. e5 fxe5 40. fxe5 a4 41. e6 Rf8 42. e7 Re8 43. d6 Kf7 44. d7 Rxe7 45. d8Q Rxe1+ 46. Kf2 Re8 47. Rf6+ Kg7 48. Qd4 axb3 49. Re6+ Kf7 50. Qf6+ Kg8 51. Rxe8+ Kh7 52. Rh8# 1-0

[Event "Baden-ch U10"]
[Site "Neuenbuerg/Enz"]
[Date "2008.01.04"]
[Round "1"]
[White "Kast, Larissa"]
[Black "Wiesner, Paula"]
[Result "0-1"]
[WhiteElo "727"]
[BlackElo "1299"]
[PlyCount "106"]
[EventDate "2008.01.04"]
[EventType "swiss"]
[EventRounds "7"]
[EventCountry "GER"]
[SourceTitle "EXT 2009"]
[Source "ChessBase"]
[SourceDate "2008.11.26"]
[SourceVersion "1"]
[SourceVersionDate "2008.11.26"]
[SourceQuality "1"]

1. e4 c5 2. Nf3 Nc6 3. Nc3 Nf6 4. a3 e5 5. h3 d5 6. exd5 Nxd5 7. Bc4 Be6 8. 0-0 Nxc3 9. bxc3 Bxc4 10. d3 Bd5 11. c4 Be6 12. Ng5 Qd7 13. c3 Be7 14. Ne4 0-0 15. Qf3 f5 16. Ng3 Bh4 17. Be3 f4 18. Bc1 fxg3 19. Qh5 gxf2+ 20. Kh1 Be7 21. Qe2 Bxh3 22. Rxf2 Rxf2 23. Qxf2 Rf8 24. Qg1 Bf5 25. Be3 b6 26. Rf1 Bxd3 27. Rd1 e4 28. a4 Qe6 29. Qh2 Bd6 30. Qh5 Qf7 31. Qg5 Qe6 32. Qh4 Rf1+ 33. Rxf1 Bxf1 34. Qf2 Bxc4 35. Qg1 Qf6 36. Bf2 e3 37. Bxe3 Qf1 38. Qxf1 Bxf1 39. c4 Bxc4 40. Bg1 Bb3 41. a5 Nxa5 42. Be3 c4 43. Bg1 c3 44. Bf2 c2 45. Be3 Ba3 46. Bg1 c1Q 47. Kh2 Bd6+ 48. Kh1 Bc5 49. Kh2 Qxg1+ 50. Kh3 Kf7 51. Kg3 Kf6 52. Kg4 Qxg2+ 53. Kf4 g5# 0-1